Sports Quiz

Random Sports or NBA Quiz

NBA Franchise 3-Point Leaders Quiz Stats

 Plays Quiz Updated Jul 5, 2019

Score 0/30 Timer 07:00
11 Plays Today
Team Player % Correct
Milwaukee BucksRay Allen
85.2%
Los Angeles LakersKobe Bryant
82.8%
Indiana PacersReggie Miller
79.6%
Boston CelticsPaul Pierce
76.9%
Memphis Grizzlies*Mike Conley
76.6%
Dallas MavericksDirk Nowitzki
69%
Philadelphia 76ersAllen Iverson
62.8%
Brooklyn NetsJason Kidd
57.8%
Utah JazzJohn Stockton
55.6%
Washington WizardsBradley Beal
51.9%
San Antonio SpursManu Ginobili
50.6%
Charlotte Hornets*Kemba Walker
43.6%
Cleveland CavaliersLeBron James
42.1%
Oklahoma City ThunderKevin Durant
41.5%
Golden State Warriors*Stephen Curry
41%
Team Player % Correct
Sacramento KingsPeja Stojakovic
39%
Chicago BullsKirk Hinrich
38.6%
Miami HeatTim Hardaway
38.5%
Phoenix SunsSteve Nash
38.3%
Detroit PistonsJoe Dumars
33.5%
New Orleans PelicansPeja Stojakovic
30.6%
New York KnicksJohn Starks
28.8%
Portland Trail Blazers*Damian Lillard
26.6%
Houston Rockets*James Harden
23.5%
Denver NuggetsJ.R. Smith
20.2%
Orlando MagicDennis Scott
18%
Toronto Raptors*Kyle Lowry
14%
Atlanta HawksMookie Blaylock
12.5%
Minnesota TimberwolvesAnthony Peeler
3.8%
Los Angeles ClippersEric Piatkowski
3.5%

You're not logged in!

Compare scores with friends on all Sporcle quizzes.
OR
Log In

Sporcle TV

Today on Sporcle TV


Watch our educational content, quiz creation guides, and fun videos on Sporcle TV.

Show Comments

Extras

Top Quizzes Today


Score Distribution

Your Account Isn't Verified!

In order to create a playlist on Sporcle, you need to verify the email address you used during registration. Go to your Sporcle Settings to finish the process.

Report this User

Report this user for behavior that violates our Community Guidelines.

Details: